Squatters in Moab : a study in iconography, history, epigraphy, orthography, ethnography, religion, and linguistics of the ANE /

محفوظ في:

المؤلف الرئيسي: Van Wyk, Koot (مؤلف)

التنسيق: كتاب

اللغة: English

منشور في: Berrien Center, Mich., USA : L. Hester Publications, c1993.

الطبعة: 1st ed.

سلاسل: Monograph in cross-cultural issues.

الموضوعات:

الوسوم: إضافة وسم

لا توجد وسوم, كن أول من يضع وسما على هذه التسجيلة!

رقم الطلب: DS154.2 .V3 1993

LEADER 01114namaa2200301 4500
001 22763
003 OSt
005 20211213124239.0
008 130303s1993 miua g b 001 0 eng d
952 |0 0  |1 0  |2 lcc  |4 0  |6 DS01542 V3 01993  |7 1  |9 23795  |a ARCE  |b ARCE  |d 2021-12-13  |l 0  |o DS154.2 .V3 1993  |p 1008591  |r 2021-12-13 00:00:00  |w 2021-12-13  |y BK 
999 |c 22514  |d 22514 
010 |a 93153926  
020 |a 0963583700 
040 |c ARCE Library 
043 |a a-jo--- 
050 4 |a DS154.2 .V3 1993 
100 1 |a Van Wyk, Koot,  |e author 
245 1 0 |a Squatters in Moab :   |b a study in iconography, history, epigraphy, orthography, ethnography, religion, and linguistics of the ANE /   |c by Koot van Wyk. 
250 |a 1st ed. 
264 1 |a Berrien Center, Mich., USA :   |b L. Hester Publications,   |c c1993. 
300 |a 193 pages :   |b illustrations ;   |c 21 cm. 
490 0 |a Monograph in cross-cultural issues. 
504 |a Includes bibliographical references and index. 
650 0 |a Seals (Numismatics)  |z Jordan. 
650 0 |a Squatters  |z Jordan  |x History. 
651 0 |a Jordan  |x Civilization. 
901 |a reviewed 
942 |c BK  |2 lcc